书目信息 |
| 题名: |
西欧十大名歌剧欣赏
|
|
| 作者: | 张承谟 著 | |
| 分册: | ||
| 出版信息: | 上海 上海文艺出版社 1985 |
|
| 页数: | 582页页 | |
| 开本: | 20cm | |
| 丛书名: | ||
| 单 册: | ||
| 中图分类: | J830.2 | |
| 科图分类: | ||
| 主题词: | 戏剧--艺术--世界 , 戏剧--艺术--各国 | |
| 电子资源: | ||
| ISBN: | ||
| 000 | 00585nam0 2200205 45 | |
| 001 | 0312221749 | |
| 005 | 20031222171202.5 | |
| 010 | @dCNY7.70 | |
| 100 | @a20031222d1985 km y0chiy0120 ea | |
| 101 | @achi | |
| 105 | @a z 000yy | |
| 200 | 1 | @a西欧十大名歌剧欣赏@AXi Ou Shi Da Ming Ge Ju Xin Shang@f张承谟著@FZhang Cheng Mo Zhu |
| 210 | @a上海@c上海文艺出版社@d1985 | |
| 215 | @a582页页@c照片@d20cm | |
| 606 | 0 | @a戏剧@x艺术@x世界 |
| 606 | 0 | @a戏剧@x艺术@y各国 |
| 690 | @aJ830.2@v3 | |
| 701 | 0 | @a张承谟@4著 |
| 801 | @aCN@bTSTCL@c20031222 | |
| 905 | @a213230@dJ830.2@e28@b177409@f1 | |
| 西欧十大名歌剧欣赏/张承谟著.-上海:上海文艺出版社,1985 |
| 582页页:照片;20cm |
| ISBN :CNY7.70 |
| ● |
| 相关链接 |
|
|
|
|
正题名:西欧十大名歌剧欣赏
索取号:J830.2/28
 
预约/预借
| 序号 | 登录号 | 条形码 | 馆藏地/架位号 | 状态 | 备注 |
| 1 | 0177409 | 001657941 | 密集书库/ [索取号:J830.2/28] | 在馆 | |
| 2 | 0177410 | 202447879 | 第一样本阅览室/ [索取号:J830.2/28] | 在馆 |